Catálogo

La puerta abierta : (Registro nro. 67830)

Detalles MARC
000 -LEADER
fixed length control field 01408aam a2200361 i 4500
001 - CONTROL NUMBER
control field 67830
003 - CONTROL NUMBER IDENTIFIER
control field Mx-PuUPA
005 - DATE AND TIME OF LATEST TRANSACTION
control field 20240410104250.0
008 - FIXED-LENGTH DATA ELEMENTS--GENERAL INFORMATION
fixed length control field 190424s2012 mx |||||r|||| 00| 0 spa d
020 ## - INTERNATIONAL STANDARD BOOK NUMBER
International Standard Book Number 9686773479
040 ## - CATALOGING SOURCE
Original cataloging agency Mx-PuUPA
Language of cataloging spa
Transcribing agency Mx-PuUPA
Modifying agency Mx-PuUPA
Description conventions rda
041 1# - LANGUAGE CODE
Language code of text/sound track or separate title spa
Language code of original eng
100 1# - MAIN ENTRY--PERSONAL NAME
Personal name Gutiérrez, Lucinda,
Relator term autor
9 (RLIN) 9233
240 14 - UNIFORM TITLE
Uniform title The open door : thoughts on acting and theatre.
Language of a work Español
245 13 - TITLE STATEMENT
Title La puerta abierta :
Remainder of title reflexiones sobre la actuación y el teatro /
Statement of responsibility, etc. Peter Brook ; traducción de Gemma Moral Bartolomé ; versión de Lucinda Gutiérrez
250 ## - EDITION STATEMENT
Edition statement Segunda edición
264 #4 - PRODUCTION, PUBLICATION, DISTRIBUTION, MANUFACTURE, AND COPYRIGHT NOTICE
Place of production, publication, distribution, manufacture México, D.F. :
Name of producer, publisher, distributor, manufacturer Arte y Escena Ediciones, Ediciones El Milagro,
Date of production, publication, distribution, manufacture, or copyright notice 2012
300 ## - PHYSICAL DESCRIPTION
Extent 147 páginas ;
Dimensions 17 cm.
336 ## - CONTENT TYPE
Fuente rdacontent
Content type term texto
Content type code txt
337 ## - MEDIA TYPE
Source rdamedia
Media type term sin medio
Media type code n
338 ## - CARRIER TYPE
Source rdacarrier
Carrier type term volumen
Carrier type code nc
490 0# - SERIES STATEMENT
Series statement Colección El apuntador
650 #4 - SUBJECT ADDED ENTRY--TOPICAL TERM
Topical term or geographic name entry element Actuación teatral
650 #4 - SUBJECT ADDED ENTRY--TOPICAL TERM
Topical term or geographic name entry element Drama
General subdivision Técnica
650 #4 - SUBJECT ADDED ENTRY--TOPICAL TERM
Topical term or geographic name entry element Teatro
700 1# - ADDED ENTRY--PERSONAL NAME
Personal name Moral Bartolomé, Gemma,
Relator term traductor
700 1# - ADDED ENTRY--PERSONAL NAME
Personal name Brook, Peter,
Relator term autor
765 18 - ORIGINAL LANGUAGE ENTRY
Main entry heading Brook, Peter, 1925-
Title The open door : thoughts on acting and theatre.
Place, publisher, and date of publication New York : Pantheon Books, ©1993
942 ## - ADDED ENTRY ELEMENTS (KOHA)
Source of classification or shelving scheme Dewey Decimal Classification
Koha item type Libro
Classification part 792
Item part G983
Existencias
Withdrawn status Lost status Source of classification or shelving scheme Damaged status Not for loan Collection code Home library Current library Shelving location Date acquired Source of acquisition Cost, normal purchase price Total Checkouts Full call number Barcode Date last seen Date last checked out Cost, replacement price Price effective from Koha item type
    Dewey Decimal Classification     General Biblioteca Karol Wojtyla Biblioteca Karol Wojtyla Sala general 23/07/2021 1 299.00 1 792 G983 2012 99247 05/01/2026 17/10/2019 299.00 23/07/2021 Libro